<?xml version="1.0" encoding="UTF-8"?>
<record
    xmlns:xsi="http://www.w3.org/2001/XMLSchema-instance"
    xsi:schemaLocation="http://www.loc.gov/MARC21/slim http://www.loc.gov/standards/marcxml/schema/MARC21slim.xsd"
    xmlns="http://www.loc.gov/MARC21/slim">

  <leader>00330nam a2200133Ia 4500</leader>
  <controlfield tag="008">191201s1998    xx            000 0 und d</controlfield>
  <datafield tag="100" ind1=" " ind2=" ">
    <subfield code="a">KLEIN, Werner</subfield>
  </datafield>
  <datafield tag="245" ind1=" " ind2="0">
    <subfield code="a">Manual of Textile Technology of Short</subfield>
  </datafield>
  <datafield tag="250" ind1=" " ind2=" ">
    <subfield code="a">2nd</subfield>
  </datafield>
  <datafield tag="260" ind1=" " ind2=" ">
    <subfield code="a">N. Delhi</subfield>
    <subfield code="b">Textile Institute</subfield>
    <subfield code="c">1998</subfield>
  </datafield>
  <datafield tag="300" ind1=" " ind2=" ">
    <subfield code="a">48</subfield>
  </datafield>
  <datafield tag="650" ind1=" " ind2=" ">
    <subfield code="a">B.Tech(TE)</subfield>
  </datafield>
  <datafield tag="942" ind1=" " ind2=" ">
    <subfield code="2">ddc</subfield>
    <subfield code="c">BK</subfield>
  </datafield>
  <datafield tag="999" ind1=" " ind2=" ">
    <subfield code="c">5180</subfield>
    <subfield code="d">5180</subfield>
  </datafield>
  <datafield tag="952" ind1=" " ind2=" ">
    <subfield code="0">0</subfield>
    <subfield code="1">0</subfield>
    <subfield code="2">ddc</subfield>
    <subfield code="4">0</subfield>
    <subfield code="7">0</subfield>
    <subfield code="8">BTECHTE</subfield>
    <subfield code="a">PIET</subfield>
    <subfield code="b">PIET</subfield>
    <subfield code="d">2012-03-01</subfield>
    <subfield code="e">Indian International Text Book</subfield>
    <subfield code="g">1684.00</subfield>
    <subfield code="h">1</subfield>
    <subfield code="k">1216</subfield>
    <subfield code="l">3</subfield>
    <subfield code="p">19042</subfield>
    <subfield code="r">2024-01-11 00:00:00</subfield>
    <subfield code="s">2024-01-08</subfield>
    <subfield code="w">2012-03-01</subfield>
    <subfield code="y">BK</subfield>
  </datafield>
  <datafield tag="952" ind1=" " ind2=" ">
    <subfield code="0">0</subfield>
    <subfield code="1">0</subfield>
    <subfield code="2">ddc</subfield>
    <subfield code="4">0</subfield>
    <subfield code="7">0</subfield>
    <subfield code="8">BTECHTE</subfield>
    <subfield code="a">PIET</subfield>
    <subfield code="b">PIET</subfield>
    <subfield code="d">2012-03-01</subfield>
    <subfield code="e">Indian International Text Book</subfield>
    <subfield code="g">1684.00</subfield>
    <subfield code="h">1</subfield>
    <subfield code="k">1216</subfield>
    <subfield code="l">1</subfield>
    <subfield code="p">19043</subfield>
    <subfield code="r">2023-10-12 00:00:00</subfield>
    <subfield code="s">2023-09-28</subfield>
    <subfield code="w">2012-03-01</subfield>
    <subfield code="y">BK</subfield>
  </datafield>
</record>
